Interaktívna komunikácia s meracími prístrojmi

Salvato in:
Dettagli Bibliografici
Autore principale: Miškovič, Lukáš (Autore)
Altri autori: Ondrášková, Iveta (Relatore della tesi)
Natura: Manoscritto Libro
Pubblicazione: Bratislava : STU v Bratislave FEI, 2003
Soggetti:
Tags: Aggiungi Tag
Nessun Tag, puoi essere il primo ad aggiungerne!!

MARC

LEADER 00000ntm a22000003a 4500
001 stu83451
005 20160719164717.5
008 040128s2003----------------------------d
040 |a STU  |b slo 
041 0
100 1 |a Miškovič, Lukáš  |4 aut 
245 1 |a Interaktívna komunikácia s meracími prístrojmi 
260 |a Bratislava :  |b STU v Bratislave FEI,  |c 2003 
300 |a 124 s 
650 7 |a automatizácia  |2 stusub 
700 1 |a Ondrášková, Iveta  |4 ths